| 000 | 01092 a2200265 4500 | ||
|---|---|---|---|
| 020 | _a0470082127 | ||
| 020 | _a9780470082126 | ||
| 020 | _a9780470082126 | ||
| 035 | _a(OCoLC)ocm69680167 | ||
| 035 | _a(OCoLC)69680167 | ||
| 040 |
_aDLC _bDLC |
||
| 082 | 0 | 0 | _a629.4743 |
| 245 | 0 | 0 |
_aAutonomous software-defined radio receivers for deep space applications _cedited by Jon Hamkins and Marvin K. Simon |
| 260 |
_aHoboken, N.J. : _bWiley-Interscience, _cc2006. |
||
| 300 |
_axxii, 435 p. : _bill. ; _c25 cm. |
||
| 440 | 0 | _aDeep-space communications and navigation series | |
| 650 | 0 |
_aAstronautics _xCommunication systems. |
|
| 650 | 0 | _aSoftware radio. | |
| 700 | 1 |
_aHamkins, Jon, _d1968- |
|
| 700 | 1 |
_aSimon, Marvin Kenneth, _d1939- |
|
| 856 | 4 | 2 |
_3Contributor biographical information _uhttp://www.loc.gov/catdir/enhancements/fy0741/2006046396-b.html |
| 856 | 4 | 2 |
_3Publisher description _uhttp://www.loc.gov/catdir/enhancements/fy0741/2006046396-d.html |
| 856 | 4 | 2 |
_3Table of contents only _uhttp://www.loc.gov/catdir/enhancements/fy0741/2006046396-t.html |
| 942 |
_cBK _k629.4743 HAM _2ddc |
||
| 999 |
_c8631 _d8631 |
||